000 006240000a22001210004500
100 1 _aRodríguez Jiménez, Pablo
245 1 0 _aHistoria de la Infancia Latinoamericana: una aproximación
300 _anúm.54 (Enero- Febrero, 2012), Pág. 28-32
520 _aEn Latinoamérica, los niños son un grupo poblacional aún poco estudiado, situación que refleja su abandono y desconocimiento. En comparación con las investigaciones de Europa y Norte América, existen infancias que no gozan integralmente de sus derechos.
650 1 4 _aEDUCACIÓN
773 0 _tRevista internacional magisterio : educación y ped
942 _cANA
999 _c63522
_d63522